000 00320nam a2200133 a 4500
008 141008s2007|||| d
100 1 _aKonigová, Marie
245 1 0 _aTvorivosť
_bTechniky a cvičenia
260 _bGrada
_aHavlíčkov Brod
_c2007
020 _c3,99
041 _aslo
044 _axo
_cSK
958 _aAPR
999 _c20469
_d20469